000 00346cam a2200157ua 4500
041 _aeng
_h
082 _a823.308
_bMAU/IW
100 _aMaurier, Daphne du .
245 _aI will never be young again
250 _a1 /
_b.
260 _a :
_bPenguin books ,
_c1966.
300 _a281 ; .
504 _a
942 _cBK
999 _c7669
_d7669